| 000 | 00619nas a2200205 4500 | ||
|---|---|---|---|
| 001 | BR1300035 | ||
| 003 | BR-BrBNA | ||
| 005 | 20231205081813.0 | ||
| 007 | ta | ||
| 008 | 230509b bl.|||p| |||| 00| 00por d | ||
| 040 |
_aBR-BrBNA _bpor _cBiblioteca Nacional de Agricultura |
||
| 041 | _a(Pt) | ||
| 072 | _aK10 | ||
| 100 | 1 | _aCorrea, M.P. | |
| 245 | 1 | _aMonographia do arariba-amarello [Centrolobium robustum, Papilionaceas, Brasil] | |
| 650 | _aARARIBA AMARELO | ||
| 773 | 0 |
_tCasa do Lavrador (Brazil) _x _g(Nov 1913), v. 2(11) p. 760-763 _wBR1300035 |
|
| 909 |
_a202311 _bLúcia _c55 _dLúcia Elande |
||
| 942 |
_2AGRIS _n0 _cANA |
||
| 999 |
_c86978 _d86978 |
||